=LDR 00000nam 2200000 4500 =001 NUTBA000000000004031 =005 20151005102340.0 =006 =007 =008 =020 ##$$a 978-979-29-1381-1 =035 ##$$0010-091400000000064 =040 ##$$a NBPDMAT =082 ##$$a 540.76 =084 ##$$a 540.76 Sum j =100 ##$$a Sumarjono =245 ##$$a jlan pintas pintar kimia untuk kelas X,XI dan XII SMA IPA / $c Sumarjono; editor, Westriningsih =260 ##$$a Yogyakarta : $b Andi, $c 2010 =300 ##$$a 244 hlm. ; $c 23 cm. =650 ##$$a Kimia-SMA-soal,dsb =700 ##$$a Westriningsih =990 ##$$a 21409882 =990 ##$$a 0001/BPAP-NTB/20142014 =990 ##$$a 0001/BPAP-NTB/20142014 =990 ##$$a 0001/BPAP-NTB/20142014 =990 ##$$a 0001/BPAP-NTB/20142014 =990 ##$$a 0001/BPAP-NTB/20142014 =990 ##$$a 0001/BPAP-NTB/2015